000 00599nam a2200205Ia 4500
003 GCL
005 20240530102910.0
008 140319s9999 xx 000 0 ara d
040 _aGCL /
_cGCL
082 0 4 _a347.05
_bم د
100 1 _aمعوض عبدالتواب
245 1 0 _aالدفوع الجنائية /
_cمعوض عبدالتواب
260 _a[S.N] :
_bدار الفكر الجامعى ،
_c1994
300 _a552 ص
650 0 4 _aالقانون الجنائى
650 0 4 _aالقانون
650 0 4 _aالقانون المدنى
650 0 4 _aالدفوع
942 _2ddc
_cBK
999 _c35225
_d35225